000 00814nam a2200241 a 4500
005 20140310183311.0
008 051018s19uu xx 00 eng d
020 _a0805851089
050 _aBF 109.A1
_b.D45 2005
100 _aDemorest, Amy
245 _aPsychology's grand theorists :
_bhow personal experiences shaped professional ideas /
_cAmy Demorest.
260 _aNew Jersey :
_bLawrence Erlbaum Associates, Inc,
_c2005.
300 _axiii, 202 p. :
_c23 cm.
521 _aPSYCH
650 _aPsychologists
_xBiography.
650 _aPsychologists
_xPsychology.
650 _aPsychology
_xHistory.
650 _aFreud, Sigmund, 1856-1939.
650 _aSkinner, B.F. (Burrhus Frederic), 1904-1990.
650 _aRogers, Carl R. (Carl Ransom), 1902-1987.
942 _cBK
_2lcc
_kFOR
999 _c21173
_d21173